书目信息 |
| 题名: |
让孩子知道好玩的老儿戏
|
|
| 作者: | 何诚斌 著 | |
| 分册: | ||
| 出版信息: | 北京 当代世界出版社 2008.10 |
|
| 页数: | 242页 | |
| 开本: | 24cm | |
| 丛书名: | ||
| 单 册: | ||
| 中图分类: | G898 | |
| 科图分类: | ||
| 主题词: | 儿童--游戏--简介--中国 , 游戏 , 儿童 | |
| 电子资源: | ||
| ISBN: | 7-5090-0149-8 | |
| 000 | 00901nam0 22002651 450 | |
| 001 | 003266916 | |
| 005 | 20111223152430.70 | |
| 010 | @a7-5090-0149-8@dCNY29.80 | |
| 096 | @aI267@bhcb | |
| 100 | @a20060104d2008 em y0chiy50 ea | |
| 101 | 0 | @achi |
| 102 | @aCN@b110000 | |
| 105 | @ay z 000cy | |
| 200 | 1 | @a让孩子知道好玩的老儿戏@Arang hai zi zhi dao hao wan de lao er xi@e图文珍藏版@f何诚斌著 |
| 205 | @a第2版 | |
| 210 | @a北京@c当代世界出版社@d2008.10 | |
| 215 | @a242页@d24cm | |
| 330 | @a儿时的游戏,虽很幼稚,却令人难以忘怀,遥远的一个个童年伙伴的身影飘然而至,伴随着我们成长的那些快乐的游戏,也在记忆中鲜活起来。本书介绍了孩子们在童年时代经常玩的150个消逝与正在消逝的童年游戏。 | |
| 606 | 0 | @a儿童@x游戏@x简介@y中国 |
| 606 | 0 | @a游戏 |
| 606 | 0 | @a儿童 |
| 690 | @aG898@v4 | |
| 701 | 0 | @a何诚斌@Ahe cheng bin@f(1965.9~)@4著 |
| 801 | 0 | @c20111223 |
| 905 | @aZUCC@dG898@eH160=2@f3 | |
| 让孩子知道好玩的老儿戏:图文珍藏版/何诚斌著.-第2版.-北京:当代世界出版社,2008.10 |
| 242页;24cm |
| ISBN 7-5090-0149-8:CNY29.80 |
| 儿时的游戏,虽很幼稚,却令人难以忘怀,遥远的一个个童年伙伴的身影飘然而至,伴随着我们成长的那些快乐的游戏,也在记忆中鲜活起来。本书介绍了孩子们在童年时代经常玩的150个消逝与正在消逝的童年游戏。 |
| ● |
| 相关链接 |
|
|
|
正题名:让孩子知道好玩的老儿戏
索取号:G898/H160=2
 
预约/预借
| 序号 | 登录号 | 条形码 | 馆藏地/架位号 | 状态 | 备注 |
| 1 | 1065637 | 210656379 | 社科库409/409社科库 29排4列3层/ [索取号:G898/H160=2] | 在馆 | |
| 2 | 1065638 | 210656388 | 社科库409/409社科库 29排4列3层/ [索取号:G898/H160=2] | 在馆 | |
| 3 | 1065639 | 210656397 | 社科库409/409社科库 29排4列3层/ [索取号:G898/H160=2] | 在馆 |